LEADER 00900nam a2200205 i 4500 001 000000187802 003 CaOOAMICUS 005 20100323000000.0 008 100323s1971 it u000 u ita u 013 $a165913 040 $aSeMil$bita 100 1 $aReato, Ermenegildo,$c.$0(OLS)http://semarc/name/20315 245 13$aLe origini del Movimento Cattolico a Vicenza :$b1860-1891 /$cErmenegildo Reato. 260 $aVicenza :$bAccademia Olimpica,$c1971. 300 $aXIV, 451 p., [40] p. di tav. ;$c25 cm. 650 4$aMovimento cattolico - Vicenza.$0(OLS)http://semarc/subject/35366 850 $aSeMil 852 $aSeMil$W1$xVenegono$y1$m3E V 278$j138489$B138489$CSeMilBibl$Z2$F149946 $81 996 $6245$aLe origini del Movimento Cattolico a Vicenza :$b1860-1891$9(OLS)http://semarc/title/270196 996 $6260$aVicenza :$bAccademia Olimpica$9(OLS)http://semarc/publisher/35457 LEADER 01745nam a2200313 i 4500 001 000000126167 003 CaOOAMICUS 005 20250512152515.0 008 040511s2002 it u000 u ita u 013 $a98869 020 $a88-8065-208-7 040 $aSeMil$bita 110 0 $aConsiglio Superiore della Magistratura : Associazione Vittorio Bachelet .$0(OLS)http://semarc/name/52414 245 12$aL'insegnamento di Vittorio Bachelet vent'anni dopo :$bgiustizia e garanzie nei rapporti con le istituzioni /$cAssociazione Vittorio Bachelet presso il Consiglio Superiore della Magistratura ; Istituto dell'Azione Cattolica Italiana per lo studio dei problemi sociali e politici «Vittorio Bachelet». 264 1$aRoma :$bAVE,$c2002. 300 $a98 p. ;$c24 cm. 490 1 $aPolis ;$v13 500 $aAtti del Convegno di Roma, 11-12 febbraio 2000 600 14$aBachelet, Vittorio <1926-1980>.$0(OLS)http://semarc/subject/9919 650 4$aGiustizia e garanzie - Istituzioni.$0(OLS)http://semarc/subject/24608 710 2 $aAzione Cattolica Italiana : Istituto per lo studio dei problemi sociali e politici «Vittorio Bachelet» .$0(OLS)http://semarc/name/311 830 0$aPolis ;$v13.$0(OLS)http://semarc/title/578 850 $aSeMil 852 $aSeMil$W1$xVenegono$y1$m3TA O 13$j256775$B80560$CSeMilBibl$Z2$F82801 $81 961 $aSottoscrizione: Istituto «Vittorio Bachelet» 996 $6020$a88-8065-208-7$9(OLS)http://semarc/number/112269 996 $6245$aL'insegnamento di Vittorio Bachelet vent'anni dopo :$bgiustizia e garanzie nei rapporti con le istituzioni$9(OLS)http://semarc/title/185934 996 $6264$aRoma :$bAVE$9(OLS)http://semarc/publisher/30251